| 000 | 00701nam a2200241 a 4500 | ||
|---|---|---|---|
| 001 | 000025862 | ||
| 005 | 20200930024116.0 | ||
| 008 | 110217s1997 ||| r 000 | spa d | ||
| 020 | _a9806397363 | ||
| 040 |
_aDO-SdBNP _bspa _cBNPHU |
||
| 082 |
_a843.912 _bB856d |
||
| 100 | 1 |
_aBrigue, Jonuel, _952704 |
|
| 245 | 1 | 0 |
_aDiario de saorge / _cJonuel Brigue. |
| 260 |
_a[s.l.] : _bFundación Polar, _c1997. |
||
| 300 |
_a242 p. ; _c21 cm. |
||
| 490 | 1 | _aObras de Economía | |
| 504 | _aBibligrafía : p. 235-242 | ||
| 650 | 4 |
_aNovela francesa _91075 |
|
| 650 | 4 |
_aLiteratura francesa _91074 |
|
| 700 | 1 |
_aRamírez Gómez, Ramón, _etr. _947076 |
|
| 830 | 0 |
_aObras de Economía _947014 |
|
| 049 | _aBNGR | ||
| 999 |
_c25354 _d25354 |
||